Amendments to the Budget for the military functions of the Department of Defense. Communication from the President of the United States transmitting amendments to the Budget for the fiscal year 1962, involving an increase in the amount of $3,454,600,000 for the military functions of the Department of Defense.

Bibliographic Details
Corporate Authors: United States. Congress. Senate. Committee on Appropriations, ProQuest (Firm)
Format: eBook
Language:English
Published: Washington : [publisher not identified], 1961.
Series:United States congressional serial set.
Subjects:
Online Access:Connect to the full text of this electronic book

MARC

Tag First Indicator Second Indicator Subfields
LEADER 00000cam a22000001a 4500
001 in00003237913
005 20190403193405.0
006 m o d
007 cr un mmmapmmp
008 080526s1961 dcud o f000 0 eng d
035 |a cis2004266200 
040 |a UMI  |c UMI  |d UtOrBLW 
043 |a n-us--- 
099 |a ProQuest Serial Set Number 12349 S.doc.39 
110 1 |a United States.  |b Congress.  |b Senate.  |b Committee on Appropriations. 
245 1 0 |a Amendments to the Budget for the military functions of the Department of Defense. Communication from the President of the United States transmitting amendments to the Budget for the fiscal year 1962, involving an increase in the amount of $3,454,600,000 for the military functions of the Department of Defense. 
246 1 |a Amendments to budget for military functions of Department of Defense, fiscal year 1962 
264 1 |a Washington :  |b [publisher not identified],  |c 1961. 
300 |a 1 online resource. 
336 |a text  |b txt  |2 rdacontent 
337 |a computer  |b c  |2 rdamedia 
338 |a online resource  |b cr  |2 rdacarrier 
490 0 |a S.doc.39 
500 |a Record is based on bibliographic data in ProQuest U.S. Serial Set Digital Collection (last viewed May 2008). Reuse except for individual research requires license from ProQuest, LLC. 
510 3 |a ProQuest U.S. Serial Set Digital Collection 
500 |a Electronic resource. 
610 1 0 |a United States.  |b Department of Defense. 
650 0 |a Armed Forces  |x Appropriations and expenditures. 
655 7 |a Electronic books.  |2 local 
710 2 |a ProQuest (Firm) 
830 0 |a United States congressional serial set. 
856 4 0 |u http://proxy.library.tamu.edu/login?url=http://congressional.proquest.com/congcomp/getdoc?SERIAL-SET-ID=12349+S.doc.39  |z Connect to the full text of this electronic book  |t 0 
999 |a MARS 
999 f f |s d08a02a5-e65d-35f9-bc08-9218ae8a9aa0  |i 83f36d11-4bac-32c2-9b87-74cbd31b7f6a  |t 0 
952 f f |a Texas A&M University  |b College Station  |c Electronic Resources  |d Available Online  |t 0  |e ProQuest Serial Set Number 12349 S.doc.39  |h Other scheme 
998 f f |a ProQuest Serial Set Number 12349 S.doc.39  |t 0  |l Available Online